| 000 | 00745nam a22002057a 4500 | ||
|---|---|---|---|
| 999 |
_c9220 _d9220 |
||
| 003 | AR-CdUCM | ||
| 008 | 190327b ||||| |||| 00| 0 spa d | ||
| 040 |
_aMUNICIPALIDAD PROVINCIAL DEL CUSCO _cBIBLIOTECA MUNICIPAL DEL CUSCO |
||
| 082 |
_a985.411 / _bB96 |
||
| 100 |
_aBermejo, Vladimiro _91790 |
||
| 245 |
_aArequipa : _bBio - bibliografía de los arequipeños contemporáneos / |
||
| 260 |
_aArequipa : _bLa colmena, _c1954. |
||
| 300 |
_a478 páginas ; _c22 cm. |
||
| 505 | _aContenido : Síntesis histórica de Arequipa -- Panorama intelectual de Arequipa (1540 - 1940) -- Arquipeños contemporáneos ... | ||
| 650 |
_aArequipa _91703 |
||
| 650 |
_aHistorias _92725 |
||
| 650 |
_aBiografías _9148 |
||
| 942 |
_2ddc _cLIBROS |
||
| 945 | _arah | ||